LEADER 02114nam 2200541 450 001 9910511339003321 005 20210604123926.0 010 $a1-63400-103-6 035 $a(CKB)4100000009444308 035 $a(MiAaPQ)EBC5910300 035 $a(EXLCZ)994100000009444308 100 $a20191028d2019 uy 0 101 0 $aeng 135 $aurcnu|||||||| 181 $ctxt$2rdacontent 182 $cc$2rdamedia 183 $acr$2rdacarrier 200 10$aEducating librarians in the contemporary university $ean essay on iSchools and emancipatory resilience in library and information science /$fJoacim Hansson 210 1$aSacramento, California :$cLibrary Juice Press,$d2019 215 $a1 online resource (viii, 208 pages) 311 $a1-63400-058-7 320 $aIncludes bibliographical references (pages 183-201) and index. 606 $aInformation science$xSocial aspects 606 $aLibrary education$xSocial aspects 606 $aLibrary science$xSocial aspects 606 $aInformation science$xSocial aspects$zEurope 606 $aInformation science$xStudy and teaching (Higher)$xSocial aspects 606 $aLibrary science$xSocial aspects$zEurope 606 $aLibrary education$xSocial aspects$zEurope 606 $aInformation science$xStudy and teaching (Higher)$xSocial aspects$zEurope 608 $aElectronic books. 615 0$aInformation science$xSocial aspects. 615 0$aLibrary education$xSocial aspects. 615 0$aLibrary science$xSocial aspects. 615 0$aInformation science$xSocial aspects 615 0$aInformation science$xStudy and teaching (Higher)$xSocial aspects. 615 0$aLibrary science$xSocial aspects 615 0$aLibrary education$xSocial aspects 615 0$aInformation science$xStudy and teaching (Higher)$xSocial aspects 676 $a020.711 700 $aHansson$b Joacim$f1966-$01065950 801 0$bMiAaPQ 801 1$bMiAaPQ 801 2$bMiAaPQ 906 $aBOOK 912 $a9910511339003321 996 $aEducating librarians in the contemporary university$92548345 997 $aUNINA LEADER 02074nam 2200649 a 450 001 9910785610203321 005 20230208221504.0 010 $a3-11-082457-4 024 7 $a10.1515/9783110824575 035 $a(CKB)2670000000236085 035 $a(EBL)3040587 035 $a(SSID)ssj0000560004 035 $a(PQKBManifestationID)12205862 035 $a(PQKBTitleCode)TC0000560004 035 $a(PQKBWorkID)10568308 035 $a(PQKB)11537089 035 $a(MiAaPQ)EBC3040587 035 $a(DE-B1597)43454 035 $a(OCoLC)979969949 035 $a(DE-B1597)9783110824575 035 $a(Au-PeEL)EBL3040587 035 $a(CaPaEBR)ebr10588407 035 $a(CaONFJC)MIL571234 035 $a(OCoLC)922943536 035 $a(EXLCZ)992670000000236085 100 $a19821119e19832011 uy 0 101 0 $aeng 135 $aur||#|||||||| 181 $ctxt$2rdacontent 182 $cc$2rdamedia 183 $acr$2rdacarrier 200 10$aMinoan architectural design $eformation and signification /$fDonald Preziosi 205 $aReprint 2011 210 1$aBerlin :$cMouton,$d1983. 210 4$aŠ1983 215 $a1 online resource (xxxi, 522 pages) $cillustrations 225 0 $aApproaches to Semiotics [AS] ;$v63 225 0$aApproaches to semiotics ;$v63 300 $aDescription based upon print version of record. 311 0 $a90-279-3409-6 320 $aIncludes bibliographical references and index. 327 $apt. 1. Formal organization -- pt. 2. Modular organization : planning, layout and construction. 410 0$aApproaches to semiotics ;$v63. 606 $aArchitecture, Minoan 606 $aModular coordination (Architecture) 615 0$aArchitecture, Minoan. 615 0$aModular coordination (Architecture) 676 $a722/.61 686 $aLE 8000$2rvk 700 $aPreziosi$b Donald$f1941-$033296 801 0$bMiAaPQ 801 1$bMiAaPQ 801 2$bMiAaPQ 906 $aBOOK 912 $a9910785610203321 996 $aMinoan architectural design$93815060 997 $aUNINA